000 00405nam a2200145 i 4500
001 bg
100 1 _aLINQUIST, Matiane
245 0 _aPa svenska :
_bpodręcznik do nauki języka szwedzkiego /
_cMatiane Linquist, Małgorzata Stypińska.
260 _aWarszawa,
_c1978.
700 1 _aSTYPIŃSKA, Małgorzata
040 _cBPK
041 _apol
942 _cKS
008 s pl f |000 0 pol
999 _c18010
_d18010
856 _uhttp://koha.tu.koszalin.pl/cgi-bin/koha/opac-detail.pl?biblionumber=18010
_yKatalog online BPK